Purushe (Record no. 214826)

MARC details
000 -LEADER
fixed length control field 00702nam a2200241Ia 4500
003 - CONTROL NUMBER IDENTIFIER
control field OSt
005 - DATE AND TIME OF LATEST TRANSACTION
control field 20250925115220.0
008 - FIXED-LENGTH DATA ELEMENTS--GENERAL INFORMATION
fixed length control field 210719s1998 xx 000 0 und d
020 ## - INTERNATIONAL STANDARD BOOK NUMBER
International Standard Book Number 81-86670-28-9
040 ## - CATALOGING SOURCE
Transcribing agency AL
041 ## - LANGUAGE CODE
Language code of text/sound track or separate title Tulu
082 ## - DEWEY DECIMAL CLASSIFICATION NUMBER
Classification number T894.2 JAYP
100 ## - MAIN ENTRY--PERSONAL NAME
Personal name JAYAVANTA DALVI
Dates associated with a name ಜಯವಂತ ದಲ್ವಿ
9 (RLIN) 239402
245 ## - TITLE STATEMENT
Title Purushe
Remainder of title ಪುರುಷೆ
260 ## - PUBLICATION, DISTRIBUTION, ETC.
Place of publication, distribution, etc. Mangaluru
Name of publisher, distributor, etc. Hemanshu Prakashana
Date of publication, distribution, etc. 1998
300 ## - PHYSICAL DESCRIPTION
Extent 90
Other physical details PB
365 ## - TRADE PRICE
Price amount 35
Currency code Rs
650 ## - SUBJECT ADDED ENTRY--TOPICAL TERM
Topical term or geographic name entry element Tulu Drama
9 (RLIN) 239403
650 ## - SUBJECT ADDED ENTRY--TOPICAL TERM
Topical term or geographic name entry element Tulu Literature
9 (RLIN) 239404
700 ## - ADDED ENTRY--PERSONAL NAME
Personal name HK Karkera
Dates associated with a name ಹೆಚ್ ಕೆ ಕರ್ಕೇರ tr
9 (RLIN) 239405
906 ## - LOCAL DATA ELEMENT F, LDF (RLIN)
a by ; Echke ; Karkera ; Purushe ; Tr
942 ## - ADDED ENTRY ELEMENTS (KOHA)
Source of classification or shelving scheme Dewey Decimal Classification
Koha item type Book
Holdings
Withdrawn status Lost status Damaged status Not for loan Collection code Home library Current library Shelving location Date acquired Cost, normal purchase price Total Checkouts Full call number Barcode Date last seen Price effective from Koha item type Source of classification or shelving scheme Public note
        Tulu St Aloysius Library St Aloysius Library   02/17/2021 0.00   T894.2 JAYP 053503 02/17/2021 02/17/2021 Book    
        Tulu St Aloysius Library St Aloysius Library   07/19/2021 35.00   T894.2 JAYP D03440 07/19/2021 07/19/2021 Donated Books Dewey Decimal Classification Donated by Dr Mahalinga Bhat